A-Z Geography: containing "red" - Statistics

General Stats
  • This quiz has been taken 8 times
  • The average score is 6 of 26
Answer Stats
Clue Place % Correct
B Colour of a Dutch city where they have a knack for football (5) Breda
83%
J Brazilian town whose name translates to "John Alfred" (11) Joao Alfredo
83%
L Border city in Texas on the Rio Grande (6) Laredo
67%
R Sea, and river Red
67%
F The provincial capital of New Brunswick (11) Fredericton
50%
H In this Costa Rican province, it's heriditary, so just don't try (7) Heredia
33%
T Drag tree to a town in South Wales (8) Tredegar
33%
A Town in Ecuador named after former vice president José Alfredo Wenceslao del Corazón de la Concepción Baquerizo Moreno, which, thankfully for sign-makers (and everybody else), uses a shorter form (22 letters) Alfredo Baquerizo Moreno
17%
D Tanzanian breakdown service split up by communist (6) Dareda
17%
S In town of Guinea, sang a colourful beginning to an intro (9) Sangaredi
17%
G Opening shots of French war lead to a town in Chad (7) Guereda
17%
I Reading the type of light seen in Sweden, but with gravity instead of francium (7) Ingared
17%
M Guy called Fred on one of a series of locations in southern Italy (11) Manfredonia
17%
O The solution to the clue is on a lake in the French Pyrenees (6) Oredon
17%
P Speared in Lisbon at the Spanish walls (7) Paredes
17%
U Town of a million near Nagpur, India (5) Umred
17%
X Dubious fortification in Malta bearing a common Spanish surname (14) Ximenes Redoubt
17%
C Given praise on location in Devon (8) Crediton
0%
N At new Moscow suburb, peered in a confused way at a litre of potassium in oxygen (15) Novo-Peredelkino
0%
V South Africa steals Scottish capital, gets it registered and makes it into a paradise (10) Vredenburg
0%
E Israeli village where a German, lacking vitamin, veered off the road (8) Ein Vered
0%
K Prepared to take a photograph in town of India? (9) Kamareddi
0%
Q Country house round about a village in Spanish (15) Quintana Redonda
0%
W Village in Luxembourg where strange lad had babies with a million of us (12) Waldbredimus
0%
Y Are you ready to rock and party? You have the right, in this part of Abidjan (11) Youoredoula
0%
Z Writer Emile, before soda gets shaken up with Bolognese (11) Zola Predosa
0%
No matching quizzes found
Score Distribution
Percent of People with Each Score
Percentile by Number Answered
Your Score History
You have not taken this quiz